000 01643nam a2200409 a 4500
001 60507
003 CO-BoRNBP
005 20260217171344.0
007 t
008 181029s2017 ck abd gr 000 0 spa d
020 _a9789585418219
040 _aCO-BoBLA
_bspa
_dCO-BoBLA
_erda
_cCO-BoBLA
041 _aspa
043 _as-ck---
082 0 4 _a578.7609861
_bB46
_221
240 1 0 _aVichada-Bibliografía regional
245 0 0 _aBiodiversidad del Río Bita, Vichada, Colombia.
250 _aFernando Trujillo y Carlos A. Lasso (editores).
264 _aBogotá :
_bMinisterio de Ambiente , Instituto de Investigación de Recursos Biológicos Alexander von Humboldt , Fundación Omacha,
_c2017.
300 _a349 páginas :
_bilustraciones, mapas, gráficas, fotografías ;
_c24 cm.
336 _atext
_btxt
_2rdacontent
337 _aunmediated
_bn
_2rdamedia
338 _avolume
_bnc
_2rdacarrier
490 1 _aSerie Fauna Silvestre Neotropical ;
_v4
504 _aIncluye bibliografías.
650 7 _aAnimales acuáticos
_z Bita (Río, Vichada, Colombia).
_2BLAAUTO
_968896
650 7 _aBiodiversidad acuática
_z Bita (Río, Vichada, Colombia).
_2BLAAUTO
_968897
650 7 _aDiversidad biológica
_z Vichada (Colombia).
_2BLAAUTO
_968898
650 7 _aEspecies en peligro
_z Bita (Río, Vichada, Colombia).
_2BLAAUTO
_968899
650 7 _aFauna
_z Vichada (Colombia).
_2BLAAUTO
_968900
700 1 _aLasso Alcalá, Carlos A.,
_eeditor.
_968901
700 1 _aTrujillo, Fernando,
_eeditor.
_968347
830 1 0 _aSerie Fauna Silvestre Neotropical ;
_v4
_968902
942 _2ddc
_cBK
949 _an
_bc
960 _aNormalizados-2025
999 _c60507
_d60507